You were wonderful, Darling (Record no. 80894)

MARC details
000 -LEADER
fixed length control field 00821cab a22001815a 4500
001 - CONTROL NUMBER
control field L145603
008 - FIXED-LENGTH DATA ELEMENTS--GENERAL INFORMATION
fixed length control field 081024s2008 xxkoe f 000 0 eng d
035 ## - SYSTEM CONTROL NUMBER
System control number (Sirsi) u145603
041 0# - LANGUAGE CODE
Language code of text/sound track or separate title eng
100 1# - MAIN ENTRY--PERSONAL NAME
Personal name Pearson, Andy
245 00 - TITLE STATEMENT
Title You were wonderful, Darling
260 ## - PUBLICATION, DISTRIBUTION, ETC.
Date of publication, distribution, etc. 2008
490 ## - SERIES STATEMENT
Series statement Building Service Journal
Volume/sequential designation 30 (10) October 2008, 26-29 (4)
520 ## - SUMMARY, ETC.
Summary, etc. Present Workplace 6, a green building in construction in Sidney, Australia. Explains the methods and techniques used to make it a six star building under the Green Building Council of Australia's eco-design rating scheme. Reports that it contains a tri-generation plant, chillers, daylight sensors and a sewer mining system. Details the project data.
651 #4 - SUBJECT ADDED ENTRY--GEOGRAPHIC NAME
Geographic name Australia
690 ## - LOCAL SUBJECT ADDED ENTRY--TOPICAL TERM (OCLC, RLIN)
Topical term or geographic name as entry element BUILT ENVIRONMENT-SUSTAINABLE CONSTRUCTION
942 ## - ADDED ENTRY ELEMENTS (KOHA)
Suppress in OPAC 0
Holdings
Withdrawn status Lost status Source of classification or shelving scheme Damaged status Not for loan Home library Current library Shelving location Date acquired Total Checkouts Full call number Barcode Date last seen Copy number Price effective from Koha item type
    Dewey Decimal Classification     London London Journal article 25/10/2008   L145603 145603-1001 06/08/2019 1 06/08/2019 Journal article